[Event "Cuiaba Contaud op"]
[Site "Cuiaba"]
[Date "2014.05.02"]
[Round "2"]
[White "Da Silva, Marcelo Rosa"]
[Black "Da Costa, Kerginaldo Brito"]
[Result "0-1"]
[WhiteElo "1839"]
[BlackElo "1900"]
[PlyCount "25"]
[EventDate "2014.05.01"]
[EventType "swiss"]
[EventRounds "6"]
[EventCountry "BRA"]
[SourceTitle "CBM 160 Extra"]
[Source "ChessBase"]
[SourceDate "2014.07.01"]
[SourceVersion "1"]
[SourceVersionDate "2014.07.01"]
[SourceQuality "1"]

1. c4 Nf6 2. Nc3 e5 3. Nf3 d6 4. g3 Be6 5. Bg2 c6 6. a3 h6 7. 0-0 Be7 8. b4 Qc8 9. a4 Nbd7 10. b5 a6 11. bxc6 bxc6 12. Ba3 0-0 13. d3 0-1

[Event "Cuiaba Contaud op"]
[Site "Cuiaba"]
[Date "2012.10.28"]
[Round "6"]
[White "Moreno, Leonardo Nunes"]
[Black "Da Costa, Kerginaldo Brito"]
[Result "0-1"]
[WhiteElo "1770"]
[BlackElo "1812"]
[PlyCount "56"]
[EventDate "2012.10.26"]
[EventType "swiss"]
[EventRounds "6"]
[EventCountry "BRA"]
[SourceTitle "EXT 2013"]
[Source "ChessBase"]
[SourceDate "2012.11.22"]
[SourceVersion "1"]
[SourceVersionDate "2012.11.22"]
[SourceQuality "1"]

1. e4 c5 2. d4 cxd4 3. c3 dxc3 4. Nxc3 Nc6 5. Nf3 g6 6. Bc4 Bg7 7. 0-0 d6 8. Qe2 Be6 9. Bxe6 fxe6 10. Ng5 Nd4 11. Qg4 Qd7 12. Be3 Nf6 13. Qh4 e5 14. f4 Nc2 15. fxe5 Nxe3 16. exf6 exf6 17. Nxh7 Nxf1 18. Nxf6+ Bxf6 19. Qxf6 Rf8 20. Qxg6+ Qf7 21. Qxf7+ Rxf7 22. Rxf1 Rc8 23. h3 a6 24. Rf5 Rc4 25. g4 b5 26. a3 Rd4 27. e5 Rxf5 28. gxf5 dxe5 0-1